=LDR 00000nam 2200000 4500 =001 INLIS000000000007666 =005 20221029013434 =035 ##$$a 0010-1022000169 =245 1#$$a Proses Produksi Semen pada PT Semen Bosowa Maros : $b Kuliah Kerja Praktek /$c Sri Wahyuningsih =100 #$$a SRI Wahyuningsih =250 ##$$a 2022 =300 ##$$a ix, 27 halaman : $b gambar; tabel ; $c 20,5x29 cm$e bibliografi;lampiran =856 ##$$a OPAC (Rak LKKP TIA 2022) =260 ##$$a Makassar :$b Politeknik ATI Makassar-Teknik Industri Agro,$c 2022 =082 ##$$a (R)2022 LKKP-TIA 818 =084 ##$$a (R)2022 LKKP-TIA 818 SRI p =650 #4$$a Laporan Praktek TIA 2022 =990 ##$$a 334/LKKP TIA 2022